000 00910nam a2200289 a 4500
999 _c5548
_d5548
001 5548
003 BD-JhCC
005 20171231193428.0
008 000525s2000 enk 000 0 eng d
020 _a0435510746
035 _a(BD-JhCC)5548
040 _aOX/U-1
_dBD-JhCC
041 _aeng
082 _a620
_bJHO 2000
100 1 _aLittlewood, Jean.
245 1 0 _aMechanics
_n1 :
_bHeinemann modular mathematics for EDEXCEL as and A-Level /
_cJean Littlewood, John Hebborn, Fred Norton.
250 _aNew ed.
260 _aOxford :
_bHeinemann Educational,
_cc2000.
300 _avi, 176 p. :
_bill. ;
_c27 cm.
500 _a"M1, ideal for the 2000 specifications" - cover.
650 0 _aMechanics.
650 0 _aMechanics
_vProblems, exercises, etc.
700 1 _aHebborn, John.
700 1 _aNorton, Fred.
830 0 _aHeinemann modular mathematics for Edexcel AS and A-level
942 _2ddc
_cBK